LEADER 01383nam 2200397 450 001 000009334 005 20070503173300.0 010 $a0-86091-799-1 100 $a20020110d1984----km-y0itay0103----ba 101 0 $aeng 102 $aGB 200 1 $a<> function of criticism$efrom The spectator to post-structuralism$fTerry Eagleton 200 1 $a1 $n0003215 210 $aLondon$cVerso$d1984 215 $a133 p.$d20 cm. 606 $aCritica letteraria inglese$zSec. 18.-20. 606 $aArte e società$yInghilterra$zSec. 18.-20. 676 $a801.950941$v(20. ed.)$9Critica letteraria. Inghilterra 700 1$aEagleton,$bTerry$0123654 801 0$aIT$bUniversità della Basilicata - B.I.A.$gRICA$2unimarc 912 $a000009334 996 $aFunction of criticism$977853 997 $aUNIBAS BAS $aMONLET BAS $aMONOGR BAS $aLETTERE CAT $aSTD001$b01$c20020110$lBAS01$h1221 CAT $aTROMBONE$b20$c20020110$lBAS01$h1656 CAT $c20050601$lBAS01$h1754 CAT $abatch$b01$c20050718$lBAS01$h1050 CAT $c20050718$lBAS01$h1109 CAT $c20050718$lBAS01$h1139 CAT $c20050718$lBAS01$h1153 CAT $aBATCH$b00$c20070503$lBAS01$h1733 FMT Z30 -1$lBAS01$LBAS01$mBOOK$1BASA1$APolo Storico-Umanistico$2GEN$BCollezione generale$3FP/11189$611189$5L11189$820020110$f02$FPrestabile Generale LEADER 01012nam a2200289 i 4500 001 991000596159707536 005 20020503191543.0 008 951221s1993 uk ||| | eng 020 $a1854312634 035 $ab10101007-39ule_inst 035 $aLE02518880$9ExL 040 $aFac. Economia$bita 082 0 $a340.1 100 1 $aHolland, James A.$0211132 245 10$aLearning legal rules :$ba student's guide to legal method and reasoning /$cJames A. Holland, Julian S. Webb 250 $a2. ed 260 $aLondon :$bBlackstone Press,$c1993 300 $axxiii, 300 p. ;$c22 cm 650 4$aDiritto$zGran Bretagna 650 4$aDiritto$xMetodologia 700 1 $aWebb, Julian S. 907 $a.b10101007$b16-10-14$c27-06-02 912 $a991000596159707536 945 $aLE025 ECO 340 HOL01.01$g1$i2025000016019$lle025$o-$pE0.00$q-$rl$s- $t0$u4$v1$w4$x0$y.i10117544$z27-06-02 996 $aLearning legal rules$9197327 997 $aUNISALENTO 998 $ale025$b01-01-95$cm$da $e-$feng$guk $h0$i1